| 000 | 01337pam a22002894a 4500 | ||
|---|---|---|---|
| 999 |
_c7119 _d7119 |
||
| 001 | 61211222 | ||
| 003 | OCoLC | ||
| 005 | 20190122192124.0 | ||
| 008 | 050722s2005 tnu 000 0ceng | ||
| 010 | _a2005021006 | ||
| 020 | _a0785262563 (hardcover) | ||
| 040 |
_aDLC _cDLC _dYDX _dBAKER |
||
| 042 | _apcc | ||
| 050 | 0 | 0 |
_aBS575 _b.M26 2005 |
| 082 | 0 | 0 |
_a220.92 _222 _bM116t |
| 092 |
_a220.92 _bM11t |
||
| 100 | 1 |
_aMacArthur, John, _d1939- |
|
| 245 | 1 | 0 |
_aTwelve extraordinary women : _bhow God shaped women of the Bible and what He wants to do with you / _cJohn MacArthur. |
| 260 |
_aNashville, Tenn. : _bNelson Books, _c2005. |
||
| 300 |
_axvii, 205 p. ; _c25 cm. |
||
| 505 | 0 | _aEve : mother of all living -- Sarah : hoping against hope -- Rahab : a horrible life redeemed -- Ruth : loyalty and love -- Hannah : a portrait of feminine grace -- Mary : blessed among women -- Anna : the faithful witness -- The samaritan woman : finding the water of life -- Martha and Mary : working and worshiping -- Mary Magdalene : delivered from darkness -- Lydia : a hospitable heart opened. | |
| 650 | 0 |
_aWomen in the Bible _vBiography. |
|
| 650 | 0 |
_aWomen in the Bible _vMeditations. |
|
| 650 | 0 |
_aChristian women _xReligious life. |
|
| 856 | 4 | 1 |
_3Table of contents _uhttp://www.loc.gov/catdir/toc/ecip0516/2005021006.html |
| 942 |
_2ddc _cBK |
||